Geographie des Römischen Reiches - Statistiken

Allgemein
  • Dieses Quiz wurde 8.524 mal gespielt
  • Das Durchschnittsergebnis liegt bei 11 aus 20
Antwortstatistiken
Frage Antwort % Korrekt
Welches war die gebräuchlichste Sprache des alten Roms? Lateinisch
99%
Welche zwei Flüsse trennten das römische Reich von den Germanen? Rhein
83%
Welcher berühmte Vulkan nahe Neapel brach im Jahre 79 n.Chr. aus? Vesuv
79%
Welche zwei Flüsse trennten das römische Reich von den Germanen? Donau
77%
Wie lautete der römische Name für das Gebiet des heutigen Frankreichs? Gallien
77%
Welche Städte wurden dabei zerstört? (nennen Sie eine davon) Pompeji / Stabiae / Herkulaneum
74%
Welche ägyptische Stadt war einst die zweitbevölkerungsreichste Stadt des Reiches? Alexandria
70%
Welche Stadt wurde 324 n.Chr. zur Hauptstadt des Reiches erhoben? Konstantinopel
68%
Welches war die größte Wagenrennarena Roms? Circus {Maximus}
67%
An welchem Fluss wurde Rom errichtet? Tiber
64%
Welche Stadt (nahe des modernen Tunis) wurde von Rom im 3. Punischen Krieg zerstört? Karthago
62%
Welche 117 Kilometer lange Steinmauer teilte Großbritannien? {Hadrian}swall
55%
Wie lautet der Name des zentralen Treffpunktes einer römischen Stadt? (oft als "Marktplatz" übersetzt) das Forum
51%
Welches bis heute erhaltene Bauwerk Roms diente einst als Tempel aller Götter? das Pantheon
41%
Welche berühmte Straße, 264 v. Chr. fertiggestellt, verbindet Rom mit Brindisi? Via {Appia}
40%
Welche moderne Stadt an der kroatischen Küste war ursprünglich ein von Kaiser Diokletian errichteter Palast? Split
36%
Welcher italienische Grenzfluss überquerte Caesar als er berühmterweise sagte: "die Würfel sind gefallen"? (Seine Lage ist heute unklar) Rubikon
31%
Von welchem Hügel Roms lässt sich das Wort "Palast" herleiten? Palatin
25%
Welches von Herodes geführte Königreich des Nahen Ostens wurde im Jahre 6 n.Chr. von Rom annektiert? Judäa
24%
Welche englische Stadt war den Römern als "Aquae Sulis" bekannt? Bath
17%
Keine übereinstimmenden Quizze gefunden
Verteilung der Resultate
Anzahl Personen mit jedem Resultat
Perzentil nach korrekt beantworteten Fragen
Ihre Resultats-Entwicklung
Sie haben dieses Quiz noch nicht gespielt